El emperador jones : seguido por la pieza en un acto: antes del desayuno /

Guardado en:
Autor Principal: O'neill, Eugenio
Formato: Libro
Publicado: Buenos Aires : Tor, 0
Series:Teatro Para Leer, 13
Materias:
Etiquetas: Agregar Etiqueta
Sin Etiquetas, Sea el primero en etiquetar este registro!
LEADER 00534nam a22001695a 4500
001 EHU.bham007713
003 AR-BHAM
005 20091204135713.0
008 130507b######################000#0#####d
082 8 1 |a 812.5 
100 1 |a O'neill, Eugenio 
245 1 0 |a El emperador jones :  |b seguido por la pieza en un acto: antes del desayuno /  |c Eugenio O'neill. 
260 |a Buenos Aires :  |b Tor, 0 
300 |a 158 p. 
490 0 |a Teatro Para Leer, 13 
653 |a Teatro eeuu-1901- 
859 |a AR-BHAM  |b BIB. HUMANIDADES - General  |h 812.5  |i On2  |p 332.91  |t Ej.1